|
|
|
|
| LEADER |
00917nam a2200253 a 4500 |
| 001 |
2011235 |
| 008 |
100107s1990 ii b 000 0 eng d |
| 010 |
|
|
|a 90906969
|
| 020 |
|
|
|a 8171690912
|
| 040 |
|
|
|a DLC
|c DLC
|d DLC
|d BD-DhAAL
|
| 082 |
0 |
0 |
|a 305.4/0954
|2 20
|
| 245 |
0 |
0 |
|a Developing women and children in India /
|c edited by Ashok Kumar.
|
| 250 |
|
|
|a 1st ed.
|
| 260 |
|
|
|a New Delhi, India :
|b Commonwealth Publishers,
|c 1990.
|
| 300 |
|
|
|a xvi, 304 p. ;
|c 22 cm.
|
| 500 |
|
|
|a Contributed articles.
|
| 504 |
|
|
|a Includes bibliographical references.
|
| 541 |
1 |
|
|e 00006231
|
| 650 |
|
0 |
|a Women in development
|z India.
|
| 650 |
|
0 |
|a Child development
|z India.
|
| 700 |
0 |
|
|a Ashok Kumar,
|d 1956-
|
| 852 |
4 |
|
|a Ayesha Abed Library
|j General shelf
|
| 999 |
|
|
|c 6775
|d 6775
|
| 952 |
|
|
|0 0
|1 0
|2 ddc
|4 0
|6 305_409540000000000_DEV_1990
|7 0
|9 6963
|a BRACUL
|b BRACUL
|c GEN
|d 2010-01-07
|l 0
|o 305.40954 DEV
|p 3010006231
|r 2010-01-07
|t 1
|w 2010-01-07
|y BK
|